| 000 | 00500nam a2200205Ia 4500 | ||
|---|---|---|---|
| 005 | 20240823024818.0 | ||
| 008 | 240823s9999||||xx |||||||||||||| ||und|| | ||
| 020 | _a978-81-8094-001-9 | ||
| 041 | _aENGLISH | ||
| 082 | _A660.634 P9 | ||
| 100 | _aAnusha Bhaskar | ||
| 245 | 0 | _aEnzyme Technology | |
| 250 | _a1st | ||
| 260 |
_c2009 _b"MJP Publishers,Ch" _aChennai |
||
| 500 | _aYES | ||
| 650 |
_aEnzyme Technology _bBio Medical Engg. |
||
| 700 | _a Vidhya V G | ||
| 942 | _cBK | ||
| 999 |
_c184809 _d184809 |
||